Phát triển công nghiệp nhẹ tại Việt Nam : Tạo việc làm và sự thịnh vượng trong một nền kinh tế thu nhập trung bình. Các xu hướng phát triển. Phát triển kinh tế tư nhân

Trình bày tăng trưởng công nghiệp trong bối cảnh phát triển chung; cơ cấu ngành công nghiệp và các vấn đề chuyên ngành; tăng cường ngành công nghiệp nhẹ và phân tích về các ngành may mặc, ngành da, đồ gỗ, kim khí, ngành kinh doanh nông nghiệp...

Szczegółowa specyfikacja

Zapisane w:
Opis bibliograficzny
Korporacja: Ngân hàng Thế giới
Format: Książka
Język:Undetermined
Wydane: Hà Nội Ngân hàng Thế giới 2013
Hasła przedmiotowe:
Etykiety: Dodaj etykietę
Nie ma etykietki, Dołącz pierwszą etykiete!
Thư viện lưu trữ: Trung tâm Học liệu Trường Đại học Cần Thơ
LEADER 01294nam a2200217Ia 4500
001 CTU_190647
008 210402s9999 xx 000 0 und d
082 |a 338.9597 
082 |b W927 
110 |a Ngân hàng Thế giới 
245 0 |a Phát triển công nghiệp nhẹ tại Việt Nam : 
245 0 |b Tạo việc làm và sự thịnh vượng trong một nền kinh tế thu nhập trung bình. Các xu hướng phát triển. Phát triển kinh tế tư nhân 
245 0 |c Đinh Trường Hinh ,...[et al.] 
260 |a Hà Nội 
260 |b Ngân hàng Thế giới 
260 |c 2013 
520 |a Trình bày tăng trưởng công nghiệp trong bối cảnh phát triển chung; cơ cấu ngành công nghiệp và các vấn đề chuyên ngành; tăng cường ngành công nghiệp nhẹ và phân tích về các ngành may mặc, ngành da, đồ gỗ, kim khí, ngành kinh doanh nông nghiệp và tổng hợp, cải cách cùng khuyến nghị chính sách 
650 |a Economic development,Phát triển kinh tế 
650 |z Vietnam,Việt Nam 
910 |a Hải 
980 |a Trung tâm Học liệu Trường Đại học Cần Thơ